000 00733nam a2200241Ia 4500
003 OSt
005 20220923224337.0
006 a|||||r|||| 00| 0
007 ta
008 Pun
024 _a231,487
037 _cTextual
040 _aARTS
_cARTS
_bPun
041 _2Pun
_aPun
082 _aO153:g, J2
100 _aਸਿੰਘ, ਗੁਰਬਚਨ, ਥਦ.
245 0 _aਚੋਣਵੀਜ਼ ਪੰਜਾਬੀ ਵਾਰਤਕ
260 _aਦਿੱਲੀ
_b ਅਤਰ ਚੰਦ ਕਪੂਰ ਐਜ਼ਡ ਸਨਗ਼
_c1952
300 _a290ਪੰ
_ccm.
650 _aਪੰਜਾਬੀ ਸਾਹਿਤ
942 _hO153:g, J2
_cTEXL
_2CC
999 _c370835
_d370835